Strengthening public service delivery : (Record no. 1987)

000 -LEADER
fixed length control field nam a22 a 4500
003 - CONTROL NUMBER IDENTIFIER
control field AKMAL
005 - DATE AND TIME OF LATEST TRANSACTION
control field 20170512160904.0
008 - FIXED-LENGTH DATA ELEMENTS--GENERAL INFORMATION
fixed length control field 170512s2005 my a e | f100 0 eng d
020 ## - INTERNATIONAL STANDARD BOOK NUMBER
International Standard Book Number 9789833109136 (pbk.) :
Terms of availability RM18.00
020 ## - INTERNATIONAL STANDARD BOOK NUMBER
International Standard Book Number 9789833109135 (pbk.)
039 #9 - LEVEL OF BIBLIOGRAPHIC CONTROL AND CODING DETAIL [OBSOLETE]
Level of rules in bibliographic description 201207231536
Level of effort used to assign nonsubject heading access points rosenah
Level of effort used to assign subject headings 201207061450
Level of effort used to assign classification norhidayah
Level of effort used to assign subject headings 200809221559
Level of effort used to assign classification arni
Level of effort used to assign subject headings 200509021514
Level of effort used to assign classification suzilawati
040 ## - CATALOGING SOURCE
Original cataloging agency AKMAL
Transcribing agency AKMAL
082 04 - DEWEY DECIMAL CLASSIFICATION NUMBER
Classification number 351.595 STR
Edition number 22
090 00 - LOCALLY ASSIGNED LC-TYPE CALL NUMBER (OCLC); LOCAL CALL NUMBER (RLIN)
Classification number (OCLC) (R) ; Classification number, CALL (RLIN) (NR) 351.595
Local cutter number (OCLC) ; Book number/undivided call number, CALL (RLIN) STR
090 20 - LOCALLY ASSIGNED LC-TYPE CALL NUMBER (OCLC); LOCAL CALL NUMBER (RLIN)
Classification number (OCLC) (R) ; Classification number, CALL (RLIN) (NR) 351.595
Local cutter number (OCLC) ; Book number/undivided call number, CALL (RLIN) STR
111 2# - MAIN ENTRY--MEETING NAME
Meeting name or jurisdiction name as entry element Civil Service Conference
Number of part/section/meeting (9th :
Date of meeting 2005 :
Location of meeting INTAN Bukit Kiara, Kuala Lumpur)
9 (RLIN) 4104
245 10 - TITLE STATEMENT
Title Strengthening public service delivery :
Remainder of title forging ahead together : proceedings of the 9th Civil Service Conference, 24-26 June 2004 /
Statement of responsibility, etc. editors Jamaluddin Hj. Ahmad Damanhuri, Malek Shah Hj. Mohd Yusoff ; jointly organised by National Institute of Public Administration (INTAN) Public Service Department Malaysia, Administrative and Diplomatic Service Association (PPTD) Malaysia
260 ## - PUBLICATION, DISTRIBUTION, ETC.
Place of publication, distribution, etc. Kuala Lumpur :
Name of publisher, distributor, etc. Institut Tadbiran Awam Negara,
Date of publication, distribution, etc. 2005
300 ## - PHYSICAL DESCRIPTION
Extent xxii, 159p. ;
Dimensions 23cm.
650 10 - SUBJECT ADDED ENTRY--TOPICAL TERM
Topical term or geographic name entry element Civil service
Geographic subdivision Malaysia
Form subdivision Congresses
9 (RLIN) 4105
650 20 - SUBJECT ADDED ENTRY--TOPICAL TERM
Topical term or geographic name entry element Public administration
Geographic subdivision Malaysia
Form subdivision Congresses
9 (RLIN) 4106
650 20 - SUBJECT ADDED ENTRY--TOPICAL TERM
Topical term or geographic name entry element Administrative agencies
Geographic subdivision Malaysia
Form subdivision Congresses
9 (RLIN) 4107
700 0# - ADDED ENTRY--PERSONAL NAME
Personal name Jamaluddin Hj. Ahmad Damanhuri,
Titles and other words associated with a name Tan Sri
9 (RLIN) 4108
700 0# - ADDED ENTRY--PERSONAL NAME
Personal name Malik Shah Hj. Mohd. Yusoff
9 (RLIN) 4109
710 2# - ADDED ENTRY--CORPORATE NAME
Corporate name or jurisdiction name as entry element Institut Tadbiran Awam Negara
9 (RLIN) 410
710 2# - ADDED ENTRY--CORPORATE NAME
Corporate name or jurisdiction name as entry element Persatuan Perkhidmatan Tadbir dan Diplomatik
9 (RLIN) 4110
942 ## - ADDED ENTRY ELEMENTS (KOHA)
Source of classification or shelving scheme
Koha item type Book
Holdings
Withdrawn status Lost status Source of classification or shelving scheme Damaged status Not for loan Collection code Home library Current library Date acquired Inventory number Total Checkouts Full call number Barcode Date last seen Price effective from Koha item type
          NON-FICTION AKMAL Melaka AKMAL Melaka 12.05.2017 305037   351.595 STR 201705940 12.05.2017 12.05.2017 Book
          NON-FICTION AKMAL Melaka AKMAL Melaka 12.05.2017 304766   351.595 STR 201705941 12.05.2017 12.05.2017 Book
Pusat Sumber Maklumat Dato' Haji Sarmin Md Hussin, Akademi Kastam Diraja Malaysia, Melaka
Tel: 06-2331106 | Faks: 06-2313787